Controlled drug delivery : designing technologies for the future /

Annotation

Bibliographic Details
Other Authors: Park, Kinam, Mrsny, Randall J., 1955-
Format: eBook
Language:English
Language Notes:English.
Published: Washington, D.C. : American Chemical Society, ©2000.
Series:ACS symposium series ; 752.
Subjects:
Online Access:Connect to the full text of this electronic book

MARC

Tag First Indicator Second Indicator Subfields
LEADER 00000cam a2200000 a 4500
001 in00005505613
006 m o d
007 cr |||||||||||
008 090820s2000 dcua ob 101 0 eng d
005 20241009195844.3
035 |a (OCoLC)ocn431996336 
040 |a MUU  |b eng  |e pn  |c MUU  |d OCLCE  |d OCLCQ  |d OCLCF  |d OCLCO  |d COO  |d OCL  |d OCLCQ  |d ACY  |d OCLCQ  |d LIP  |d OCLCO  |d MERER  |d OCLCO  |d OCLCQ  |d OCLCA  |d AU@  |d OCLCA  |d YOU  |d YDX  |d OCLCQ  |d UKBTH  |d EYM  |d INARC  |d OCLCQ  |d VT2  |d OCLCO  |d OCLCQ  |d N$T  |d OCL  |d OCLCO  |d OCLCL 
019 |a 606468649  |a 607523764  |a 629806254  |a 987757001  |a 990455846  |a 1058772559  |a 1078031768  |a 1096709488  |a 1113082929  |a 1159652053  |a 1200285135  |a 1281717625  |a 1428587032 
020 |a 9780841236257  |q (ebook) 
020 |a 0841236259  |q (ebook) 
020 |a 0841217580 
020 |a 9780841217584  |q (electronic bk.) 
035 |a (OCoLC)431996336  |z (OCoLC)606468649  |z (OCoLC)607523764  |z (OCoLC)629806254  |z (OCoLC)987757001  |z (OCoLC)990455846  |z (OCoLC)1058772559  |z (OCoLC)1078031768  |z (OCoLC)1096709488  |z (OCoLC)1113082929  |z (OCoLC)1159652053  |z (OCoLC)1200285135  |z (OCoLC)1281717625  |z (OCoLC)1428587032 
037 |b 00001081 
042 |a dlr 
050 4 |a RS199.5  |b .C664 2000b 
060 4 |a 2001 E-401 
060 4 |a WB 340  |b C7643 2000 
070 |a QD1  |b .A45 no. 752 
072 0 |a X380 
072 0 |a X700 
072 7 |a MED  |x 071000  |2 bisacsh 
082 0 4 |a 615/.7  |2 21 
084 |a VX 8568  |2 rvk 
049 |a TXAM 
245 0 0 |a Controlled drug delivery :  |b designing technologies for the future /  |c Kinam Park, Randy J. Mrsny, [editors]. 
260 |a Washington, D.C. :  |b American Chemical Society,  |c ©2000. 
300 |a 1 online resource (xii, 459 pages) :  |b illustrations (some color) 
336 |a text  |b txt  |2 rdacontent 
337 |a computer  |b c  |2 rdamedia 
338 |a online resource  |b cr  |2 rdacarrier 
490 1 |a ACS symposium series ;  |v 752 
500 |a Title from PDF title page (ACS publications, viewed August 20, 2009). 
504 |a Includes bibliographical references and index. 
520 8 |a Annotation  |b Despite the public desire for a magic bullet--a drug that cures the ailment and is easy to take--most drugs require a sustained release to the target area as opposed to a burst, hence the need for controlled release devices. This volume devotes separate sections to current work in each of the key aspects for developing these devices, including the route of administration, drug delivery vehicles, drug targeting, and modulated drug delivery. 
538 |a Master and use copy. Digital master created according to Benchmark for Faithful Digital Reproductions of Monographs and Serials, Version 1. Digital Library Federation, December 2002.  |u http://purl.oclc.org/DLF/benchrepro0212  |5 MiAaHDL 
583 1 |a digitized  |c 2010  |h HathiTrust Digital Library  |l committed to preserve  |2 pda  |5 MiAaHDL 
546 |a English. 
505 0 |a 1. Controlled Drug Delivery: Present and Future / Kinam Park and Randall J. Mrsny -- 2. Controlled-Release Oral Delivery Systems / Joseph A. Fix, Kazuhiro Sako and Toyohiro Sawada -- 3. Safe Mucosal Penetration Enhancers: A Fiction? Polymers as Absorption Enhancers for Transmucosal Drug Delivery / H.E. Junginger, M. Thanou and H.L. Luessen / [and others] -- 4. Prodrug Strategies to Improve the Oral Absorption of Peptides and Peptide Mimetics / Ronald T. Borehardt and Binghe Wang -- 5. Designing Prodrugs for the hPEPT1 Transporter / Hyo-kyung Han and Gordon L. Amidon -- 6. Oral Delivery of Heparin / Andrea Leone-Bay, Theresa Rivera-Schaub and Rajesh Agarwal / [and others] -- 7. Hypoglycemic Effect of Insulin in Oil Preparation by Oral Administration / M.X. Duan, J.H. Guo and H. Ma / [and others] -- 8. Feasibility Assessment and Rapid Development of Oral Controlled Release Prototypes / Avinash G. Thombre -- 9. The Effect of Adhesive Antioxidant Enzymes on Experimental Colitis in the Rat / Abraham Rubinstein, Sigal Blau and Paul Bass / [and others] -- 10. Oral Dosage Forms with Controlled Release for Constant Plasma Drug Level / A. Ainaoui, E.M. Ouriemchi and J.M. Vergnaud -- 11. Solving Drug Delivery Problems with Liposomal Carriers / Theresa M. Allen -- 12. PEGylation: A Tool to Enhance Protein Delivery / Wayne R. Gombotz and Dean K. Pettit -- 13. Polymeric Delivery Vehicles for Bone Growth Factors / Lichun Lu, Susan J. Peter and Georgios N. Stamatas / [and others] -- 14. De Novo Design and Synthesis of a Small Globular Protein That Forms a Pore in Lipid Bilayers / Sannamu Lee, H. Michael Ellerhy and Taira Kiyota / [and others] -- 15. Natural Pore Forming Proteins: Paneth Cell Cryptdins / W.I. Lencer, D. Merlin and A.J. Ouellette / [and others] -- 16. Growth Factor Delivery from Tissue Engineering Matrices: Inducing Angiogenesis to Enhance Transplanted Cell Engraftment / Martin C. Peters and David J. Mooney -- 17. Targeting Macromolecular Therapeutics of Specific Cell Organelles / Gilbert-Andre Keller, Wenlu Li and Randall J. Mrsny -- 18. Modified Liposame Formulations for Cytosolic Delivery of Macromolecules / Kyung-Dall Lee and Gretchen M. Larson -- 19. Molecular Targeting of Nuclear Transcriptional Regulators / Yon Rojanasakul, Q. Luo and J. Ye / [and others] -- 20. Cell-Specific Targeting of Drugs and Genes with Glycosylated Liposomes: Comparison with Glycosylated Poly(amino acids) / Mitsuru Hashida, Makiya Nishikawn and Fumiyoshi Yamashita / [and others] -- 21. Targeted Gene Delivery via the Folate Receptor / Wenjin Guo and Robert J. Lee -- 22. Latest Advances in the Understanding of Active-Specific Immunotherapy for Brain Tumors / Yang Liu, Qingzhong Kong and Ka-yun Ng / [and others] -- 23. Application of pH- and Temperature-Sensitive Polymers for Controlled Drug Release Device / Soon Hong Yuk, Jung Ki Seo and Jin Ho Lee / [and others] -- 24. Characterization of Poly(2-ethylacrylic acid) for Use in Drug Delivery / Jeffrey G. Linhardt and David A. Tirrell -- 25. Synthesis and Characterization of Thermoreversible, Protein-Conjugating Polymers Based on N-Isopropylacrylamide / Hasan Uludag and Xiao-Dong Fan -- 26. A Novel Composite Membrane for Temperature- and pH-Responsive Permeation / F. Yam, X.Y. Wu and Q. Zhang -- 27. Glucose Monitoring via Reverse Iontophoresis / Neil Ackerman, Bret Berner and Jim Biegajski / [and others] -- 28. Self-Emulsifying Drug Delivery Formulations in the 21st Century: Challenges and Opportunities / Panayiotis P. Constantindes -- 29. Polymeric Micelles for the Delivery of Poorly Soluble Drugs / Vladimir P. Torchilin and Volkmar Weissig -- 30. The Role of Plasma Lipoproteins as Carriers of Water-Insoluble Compounds: Biological and Physiological Consequences / Kishor M. Wasan, Manisha Ramaswamy and Allison L. Kennedy / [and others] -- 31. Polymeric Lipid Nanosphere Composed of Hemocompatible Phospholipid Polymers as Drug Carrier / Kazuhiko Ishihara -- 32. Solubility Considerations and Design of Controlled Release Dosage Forms / Gopi M. Venkatesh -- 33. Polymer Therapeutics into the 21st Century / Ruth Duncan -- 34. Controlled Release from Ordered Microstructure Formed by Poloxamer Block Copolymers / Lin Yang and Paschalis Alexandridis -- 35. Supramolecular-Structured Polymers for Drug Delivery / Tooru Ooya and Nobuhiko Yui -- 36. Fentanyl-Loaded Poly(L-lactide-co-glycolide) Microspheres for Local Anesthesia / Hai Bang Lee, Gilson Khang and Jin Cheol Cho / [and others] -- 37. Ionically Cross-Linked Polyphosphazene Microspheres / Alexander K. Andrianov, Jianping Chen and Sameer S. Slue / [and others] -- 38. Polysaccharide as a Drug-Coating Polymer / Ki-Young Lee, Kun Na and Yu-Eun Kim -- 39. Preparation of Blood-Compatible Nanoparticles Bearing Phosphorylcholine Group / Kazuhiko Ishihara, Tomobiro Konno and Kimmio Kurita / [and others]. 
650 0 |a Drug delivery systems  |v Congresses. 
650 0 |a Drug targeting  |v Congresses. 
650 0 |a Drugs  |x Dosage forms. 
650 0 |a Chemotherapy. 
650 0 |a Therapeutics. 
650 0 |a Drugs. 
650 0 |a Drug carriers (Pharmacy) 
650 0 |a Drug targeting  |x Congresses. 
650 2 |a Dosage Forms 
650 2 |a Drug Therapy 
650 2 |a Therapeutics 
650 2 |a Pharmaceutical Preparations 
650 2 |a Specialty Uses of Chemicals 
650 2 |a Chemical Actions and Uses 
650 2 |a Chemicals and Drugs 
650 2 |a Analytical, Diagnostic and Therapeutic Techniques and Equipment 
650 2 |a Drug Carriers 
650 2 |a Drug Delivery Systems 
650 2 |a Pharmaceutical Vehicles 
650 6 |a Médicaments  |x Administration  |x Dispositifs  |x Congrès. 
650 6 |a Médicaments  |x Ciblage  |x Congrès. 
650 6 |a Systèmes d'administration de médicaments  |v Congrès. 
650 6 |a Médicaments  |x Ciblage  |v Congrès. 
650 6 |a Médicaments  |x Formes pharmaceutiques. 
650 6 |a Chimiothérapie. 
650 6 |a Thérapeutique. 
650 6 |a Médicaments. 
650 6 |a Vecteurs de médicaments. 
650 7 |a treating (health care function)  |2 aat 
650 7 |a MEDICAL  |x Pharmacology.  |2 bisacsh 
650 7 |a Therapeutics  |2 fast 
650 7 |a Drugs  |x Dosage forms  |2 fast 
650 7 |a Drugs  |2 fast 
650 7 |a Drug carriers (Pharmacy)  |2 fast 
650 7 |a Chemotherapy  |2 fast 
650 7 |a Drug delivery systems  |2 fast 
650 7 |a Drug targeting  |2 fast 
650 7 |a Kontrollierte Wirkstofffreisetzung  |2 gnd 
650 7 |a Targeted drug delivery  |2 gnd 
650 7 |a Kongress  |2 gnd 
650 7 |a Vecteurs de médicaments  |x Congrès.  |2 ram 
650 7 |a Médicaments  |x Modes d'administration  |x Congrès.  |2 ram 
650 7 |a Effet retard.  |2 ram 
650 7 |a Médicaments  |x Modes d'administration  |x Dispositifs.  |2 ram 
653 |a drug delivery 
653 |a ACS 
655 7 |a Electronic books.  |2 local 
655 2 |a Congress 
655 7 |a proceedings (reports)  |2 aat 
655 7 |a Conference papers and proceedings  |2 fast 
655 7 |a Conference papers and proceedings.  |2 lcgft 
655 7 |a Actes de congrès.  |2 rvmgf 
700 1 |a Park, Kinam. 
700 1 |a Mrsny, Randall J.,  |d 1955-  |1 https://id.oclc.org/worldcat/entity/E39PCjCVKB9KJvHY9KjBBY7tmm 
758 |i has work:  |a Controlled drug delivery (Text)  |1 https://id.oclc.org/worldcat/entity/E39PCFPgQPB4K4hDWC3XrBGyMK  |4 https://id.oclc.org/worldcat/ontology/hasWork 
776 0 8 |i Print version:  |t Controlled drug delivery.  |d Washington, D.C. : American Chemical Society, ©2000  |z 0841236259  |w (DLC) 99058688  |w (OCoLC)42866233 
830 0 |a ACS symposium series ;  |v 752. 
856 4 0 |u http://proxy.library.tamu.edu/login?url=https://pubs.acs.org/doi/book/10.1021/bk-2000-0752  |z Connect to the full text of this electronic book  |t 0 
955 |a ASC eBooks Complete Collection 
994 |a 92  |b TXA 
999 f f |s b5fe24c3-45f4-4389-9edc-6d2f44facfa9  |i 8eceb813-375b-48b3-9d2d-3052cb30fa8f  |t 0 
952 f f |a Texas A&M University  |b College Station  |c Electronic Resources  |d Available Online  |t 0  |e RS199.5 .C664 2000b  |h Library of Congress classification 
998 f f |a RS199.5 .C664 2000b  |t 0  |l Available Online